000 00364 a2200169 4500
001 173442
020 _a85-06-01651-7
040 _cMagnum
100 _aRocha, Ruth
240 1 0 _aO livro da escrita
_lpor
245 1 0 _aO livro da escrita
300 _a31
362 0 _a1993
440 1 _aMelhoramentos
697 _aLITERATURA INFANTO-JUVENIL
942 _cBK
999 _c173442
_d173442